New Zealand : Financial Sector Assessment Program: Technical Note-Stress Testing the Banking Sector and Systemic Risk Analysis.

This Technical Note discusses the results of stress testing of the banking sector and systemic risk analysis for New Zealand. The banking sector, which dominates the financial system, has significant exposure to real estate. A sharp decline in the real estate market, a prolonged period of low dairy...

ver descrição completa

Detalhes bibliográficos
Autor Corporativo: International Monetary Fund. Monetary and Capital Markets Department
Formato: Periódico
Idioma:English
Publicado em: Washington, D.C. : International Monetary Fund, 2017.
Colecção:IMF Staff Country Reports; Country Report ; No. 2017/119
Acesso em linha:Full text available on IMF
LEADER 01807cas a2200241 a 4500
001 AALejournalIMF017641
008 230101c9999 xx r poo 0 0eng d
020 |c 5.00 USD 
020 |z 9781475599923 
022 |a 1934-7685 
040 |a BD-DhAAL  |c BD-DhAAL 
110 2 |a International Monetary Fund.  |b Monetary and Capital Markets Department. 
245 1 0 |a New Zealand :   |b Financial Sector Assessment Program: Technical Note-Stress Testing the Banking Sector and Systemic Risk Analysis. 
264 1 |a Washington, D.C. :  |b International Monetary Fund,  |c 2017. 
300 |a 1 online resource (79 pages) 
490 1 |a IMF Staff Country Reports 
500 |a <strong>Off-Campus Access:</strong> No User ID or Password Required 
500 |a <strong>On-Campus Access:</strong> No User ID or Password Required 
506 |a Electronic access restricted to authorized BRAC University faculty, staff and students 
520 3 |a This Technical Note discusses the results of stress testing of the banking sector and systemic risk analysis for New Zealand. The banking sector, which dominates the financial system, has significant exposure to real estate. A sharp decline in the real estate market, a prolonged period of low dairy prices, deterioration in global economic conditions, and a tightening in financial markets would adversely impact the system. Despite these risks, the banking system is resilient to severe shocks. Results of stress tests and sensitivity analysis indicate that the solvency and liquidity of the banking system can withstand adverse and severe shocks. 
538 |a Mode of access: Internet 
830 0 |a IMF Staff Country Reports; Country Report ;  |v No. 2017/119 
856 4 0 |z Full text available on IMF  |u http://elibrary.imf.org/view/journals/002/2017/119/002.2017.issue-119-en.xml  |z IMF e-Library